| 000 | 00351nam a22001217a 4500 | ||
|---|---|---|---|
| 999 |
_c480265 _d480265 |
||
| 003 | NUST | ||
| 008 | 161110t xxu||||| |||| 00| 0 eng d | ||
| 038 | _aMian Adnan | ||
| 082 | _a020 | ||
| 245 |
_ath-ms-identification and analysis of FLAVONOL SYNTHASE (FLS) in arachis hypogaea _csidra hussain-sup-dr. rabia amir |
||
| 250 | _a2016 | ||
| 942 |
_2ddc _cTHE |
||